| 000 | 01951cam a22004574i 4500 | ||
|---|---|---|---|
| 003 | PE-LiUPU | ||
| 005 | 20250731173503.0 | ||
| 008 | 150616s r 000 0 d | ||
| 020 | _a0802817750 | ||
| 035 | _a(Sirsi) i9780802817754 | ||
| 040 |
_aPE-LiUPU _bspa _cPE-LiUPU _erda |
||
| 049 | _aPRUA | ||
| 082 | 0 | 4 |
_a232.901 _bB23J _221 |
| 100 | 1 |
_aBarclay, William, _eautor. |
|
| 245 | 1 | 0 | _aJesus as They Saw Him New Testament Interpretations of Jesus. |
| 264 | 1 |
_aGrand Rapids, Michigan : _bW.B.Eerdmans Publishing Company, _c1994. |
|
| 300 |
_a429 páginas ; _c21 centímetros |
||
| 336 |
_atext _2rdacontent |
||
| 337 |
_aunmediated _2rdamedia |
||
| 338 |
_avolume _2rdacarrier |
||
| 505 | 0 | _aJesus -- Man -- God -- Son of David -- Son of God -- Son of Man -- Messiah -- The servant of God -- The Good shepherd -- The Divine Physician -- Saviour -- Prophet -- King -- The stone -- The bridegroom -- The bread of life -- The Door -- The Judge -The scapegoat -- Apostle -- Forerunner -- Surety -- Mediator -- Archegos -- High priest -- He that should come -- The head -- The Christ of creation, the firstborn of all creation, the beginning of God's creation -- Lord -- The word -- Jesus. | |
| 526 | _aSEG42 | ||
| 526 | _aSEG41 | ||
| 526 | _aSEG40 | ||
| 526 | _aSEG39 | ||
| 526 | _aP94 | ||
| 526 | _aP87 | ||
| 526 | _aP86 | ||
| 526 | _aP85 | ||
| 526 | _aP77 | ||
| 526 | _aP76 | ||
| 526 | _aP35 | ||
| 650 | 0 | 4 | _aJESUCRISTO COMO PERSONAJE. |
| 910 |
_ajck _bjvq _cjck |
||
| 942 |
_2ddc _cBOOK |
||
| 949 |
_a232.901 B23J _wDEWEY _c1 _i40362 _lCCODEBUL1 _mBUL _r0 _sY _tBOOK _u2015-6-16 _xTEOLOGIA _zUNKNOWN _0COMPRA _o.STAFF. Colección General |
||
| 994 |
_aC0 _bPEPRU |
||
| 596 | _a1 | ||
| 999 |
_a232.901 B23J _wDEWEY _c58168 _i40362 _f2021-11-10 _g5 _lCCODEBUL1 _mBUL _r0 _sY _tBOOK _u2015-6-16 _xTEOLOGIA _zUNKNOWN _0COMPRA _o.STAFF. Colección General _d58168 |
||
| 980 |
_81 _gALBERTO SANCHEZ Responsable de Automatización |
||